000 00703nam a22002537a 4500
001 2088
005 20250930162054.0
020 _a9780753462072
040 _aFISKH
_beng
_cFISKH
_dFISKH
050 _aPN6231.F66
082 _a818.5402
100 _aBlunt, Fred
245 _aBelly laughs :
_b150 Rib-tickling Food Jokes /
_cSidesplitters
250 _aFirst American Edition January 2009
260 _aLondon
_bKingfisher,
_c2007
300 _a64 pages :
_c20 cm
_billustrations
505 _aT
520 _aCollects 150 food-related jokes, and includes illustrations.
521 _a1000
_bLexile estimate
521 _aT
_bRaz-Plus
650 _aJoke
650 _aFood
942 _2ddc
_cBK
_n0
999 _c2088
_d2088